书目信息 |
| 题名: |
亨德尔清唱剧著名咏叹调选集
|
|
| 作者: | 亨德尔 作曲 ;贾棣然 , 王洪敏 译配 | |
| 分册: | ||
| 出版信息: | 合肥 安徽文艺出版社 2011.01 |
|
| 页数: | 134页 | |
| 开本: | 30cm | |
| 丛书名: | 世界音乐大师声乐经典系列 | |
| 单 册: | ||
| 中图分类: | J653.2(561) | |
| 科图分类: | ||
| 主题词: | 清唱剧--咏叹调--作品集--英国--近代 , 清唱剧 , 咏叹调 | |
| 电子资源: | ||
| ISBN: | 978-7-5396-3362-6 | |
| 000 | 01266oam2 2200349 450 | |
| 001 | 012011045399 | |
| 005 | 20120328082639.64 | |
| 010 | @a978-7-5396-3362-6@dCNY28.00(含光盘) | |
| 100 | @a20110527d2011 em y0chiy50 ea | |
| 101 | 2 | @achi@aeng@ceng |
| 102 | @aCN@b340000 | |
| 105 | @ag z 000yy | |
| 106 | @ar | |
| 200 | 1 | @a亨德尔清唱剧著名咏叹调选集@9heng de er qing chang ju zhu ming yong tan tiao xuan ji@e高音用@f贾棣然,王洪敏译配 |
| 210 | @a合肥@c安徽文艺出版社@d2011.01 | |
| 215 | @a134页@d30cm@e1光盘 | |
| 225 | 2 | @a世界音乐大师声乐经典系列 |
| 307 | @a附光盘:ISBN 978-7-89991-212-6 | |
| 312 | @a封面英文题名:Handel's famous opera arias | |
| 330 | @a本书主要内容包括:来吧,跳吧;感谢你,上帝;深深美德……飘送何处,天使们;无限欢乐等。 | |
| 461 | 0 | @12001 @a世界音乐大师声乐经典系列 |
| 510 | 1 | @aHandel's famous opera arias@zeng |
| 517 | 1 | @a高音用@9gao yin yong |
| 606 | 0 | @a清唱剧@x咏叹调@x作品集@y英国@z近代 |
| 606 | 0 | @a清唱剧 |
| 606 | 0 | @a咏叹调 |
| 690 | @aJ653.2(561)@v4 | |
| 701 | 0 | @c(英)@a亨德尔@9heng de er@c(Handel, Georg Friedrich@f1685-1759)@4作曲 |
| 702 | 0 | @a贾棣然@9jia di ran@4译配 |
| 702 | 0 | @a王洪敏@9wang hong min@4译配 |
| 801 | 0 | @aCN@bRENTIAN@c20110527 |
| 905 | @b538475-81@dJ653.2(561)@e540@f7 | |
| 亨德尔清唱剧著名咏叹调选集:高音用/贾棣然,王洪敏译配.-合肥:安徽文艺出版社,2011.01 |
| 134页;30cm+1光盘.-(世界音乐大师声乐经典系列) |
| ISBN 978-7-5396-3362-6:CNY28.00(含光盘) |
| 本书主要内容包括:来吧,跳吧;感谢你,上帝;深深美德……飘送何处,天使们;无限欢乐等。 |
| ● |
| 相关链接 |
|
|
|
|
正题名:亨德尔清唱剧著名咏叹调选集
索取号:J653.2(561)/540
 
预约/预借
| 序号 | 登录号 | 条形码 | 馆藏地/架位号 | 状态 | 备注 |
| 1 | 538475 | 205384751 | 第一样本阅览室/ [索取号:J653.2(561)/540] | 在馆 | |
| 2 | 538476 | 205384760 | 第一借阅区/ [索取号:J653.2(561)/540] | 在馆 | |
| 3 | 538477 | 205384779 | 第一借阅区/ [索取号:J653.2(561)/540] | 在馆 | |
| 4 | 538478 | 205384788 | 第一借阅区/ [索取号:J653.2(561)/540] | 在馆 | |
| 5 | 538479 | 205384797 | 第一借阅区/ [索取号:J653.2(561)/540] | 在馆 | |
| 6 | 538480 | 205384804 | 第一借阅区/ [索取号:J653.2(561)/540] | 在馆 | |
| 7 | 538481 | 205384813 | 第一借阅区/ [索取号:J653.2(561)/540] | 在馆 |